المخرجون البولنديون : (Record no. 29571)
[ view plain ]
| 000 -الفاتح | |
|---|---|
| حقل البيانات ثابتة الطول | 01585nam a22003617a 4500 |
| 003 - محدد رقم الضبط | |
| رقم الضبط | EG-ScBUE |
| 005 - وقت وتاريخ اخر تعامل مع التسجيلة | |
| رقم الضبط | 20211011104343.0 |
| 008 - عناصر البيانات ثابتة الطول - معلومات عامة | |
| حقل البيانات ثابتة الطول | 211011s2004 ua o f 000 0cara d |
| 017 ## - رقم الإيداع القانونى | |
| رقم الإيداع القانونى | 2004/16565 |
| 020 ## - الرقم الدولى المعيارى للكتب | |
| الرقم الدولى المعيارى للكتاب | 977305778X |
| 040 ## - مصدر الفهرسة | |
| وكالة الفهرسة الأصلية | EG-ScBUE |
| لغة الفهرسة | ara |
| قواعد الوصف | rda |
| وكالة النسخ | EG-ScBUE |
| وكالة التعديل | EG-ScBUE |
| 041 1# - رمز اللغة | |
| رمز لغة النص/ المسارات الصوتية أو العنوان الانفرادي | ara |
| رمز لغة الترجمات و/او الاصلية المتوسطة للنص | pol |
| 043 ## - رمز المنطقة الجغرافية | |
| رمز المنطقة الجغرافية | e-pl--- |
| 082 04 - رقم تصنيف ديوى العشرى | |
| رقم التصنيف | 792.0233092 |
| رقم المادة | ج ر و |
| رقم الطبعة | 22 |
| 100 1# - المدخل الرئيسى - إسم شخصى | |
| الإسم الشخصى | جرودجيتسكي، أوجست، |
| الدور | مؤلف. |
| 240 10 - العنوان الموحد | |
| عنوان موحد | Rezyserzy Polskiego teatru. |
| لغة العمل | Arabic |
| 245 12 - بيان العنوان | |
| العنوان | المخرجون البولنديون : |
| بقية العنوان | التجريبيون الكلاسيك / |
| بيان المسئوليه,etc | تأليف أوجست جرودجيتسكي ؛ ترجمة د. هناء عبد الفتاح، أكاديمية الفنون ؛ مراجعة دوروتا متولي. |
| 264 #1 - النشر، التوزيع | |
| مكان الناشر او الموزع | القاهرة : |
| اسم الناشر او الموزع | وزارة الثقافة، مهرجان القاهرة الدولي للمسرح التجريبي، |
| تاريخ النشر أو التوزيع | [2004] |
| 300 ## - الوصف المادى | |
| التعداد | 399 صفحة : |
| تفاصيل ماديه اخرى للوعاء | صور ؛ |
| أبعاد الوعاء | 24 سم. |
| 336 ## - نوع المحتوى | |
| source | rdacontent |
| Carrier Type Term | نص |
| Content Type Code | txt |
| 337 ## - نوع الوسيط | |
| source | rdamedia |
| Media Type Term | بدون وسيط |
| Media Type Code | n |
| 338 ## - نوع الحامل أو الناقل | |
| source | rdacarrier |
| Carrier Type Term | مجلد |
| Carrier Type Code | nc |
| 490 0# - بيان السلسلة | |
| عنوان السلسلة | ألف باء |
| 541 ## - تبصرة المصدر المباشر للتزويد | |
| طريقة التزويد | إهداء. |
| 546 ## - تبصرة اللغة | |
| تبصرة اللغة | النص باللغة العربية وتم ترجمته من اللغة البولندية. |
| 650 #7 - المدخل الاضافى بالموضوع-مصطلح موضوعى | |
| مصطلح موضوعي أو اسم جغرافي كعنصر مدخل | المخرجون المسرحيون |
| التقسيم الفرعي الجغرافي | بولندا |
| التقسيم الفرعي الشكلي | تراجم. |
| مصدر الرأس أو المصطلح | BUEsh |
| 650 #7 - المدخل الاضافى بالموضوع-مصطلح موضوعى | |
| مصطلح موضوعي أو اسم جغرافي كعنصر مدخل | المسرح |
| التقسيم الفرعي الجغرافي | بولندا. |
| مصدر الرأس أو المصطلح | BUEsh |
| 653 ## - مصطلح تكشيفى غير مقيد | |
| Resource For college | Arts and Design |
| Arrived date list | October2021 |
| 655 ## - مصطلح تكشيفى-نوع/شكل | |
| التقسيم الفرعي الشكلي | Reading book |
| -- | 34232 |
| 700 1# - المدخل الاضافى - اسم شخصى | |
| الإسم الشخصى | عبد الفتاح، هناء، |
| الدور | مترجم. |
| 700 1# - المدخل الاضافى - اسم شخصى | |
| الإسم الشخصى | متولي، دوروتا، |
| الدور | مراجع. |
| 942 ## - عناصر المدخل الإضافي( كوها) | |
| مصدر التصنيف او مخطط الترفيف | Dewey Decimal Classification |
| حالة التراجع | حالة الفقد | مصدر التصنيف او خطة الترفيف | حالة تلف | ليس للاعارة | مجموعات كوها | المكان الدائم | المكان الحالي | موقع الترفيف | تاريخ الاكتساب | Source of acquisition | رقم الاستدعاء | الباركود | Date last seen | نوع الوعاء |
|---|---|---|---|---|---|---|---|---|---|---|---|---|---|---|
| Dewey Decimal Classification | Donation-Gift | Central Library | Central Library | Second Floor | 11/10/2021 | Donation | 792.0233092 ج ر و | 000050814 | 15/07/2025 | Book - Borrowing |